Flash 5 for Windows & Macintosh (Record no. 298201)

000 -LEADER
fixed length control field 00288 a2200121 4500
001 - CONTROL NUMBER
control field 63128
082 ## - DEWEY DECIMAL CLASSIFICATION NUMBER
Classification number 006.6 ULR
090 ## - LOCALLY ASSIGNED LC-TYPE CALL NUMBER (OCLC); LOCAL CALL NUMBER (RLIN)
-- 37296
-- 37296
100 ## - MAIN ENTRY--PERSONAL NAME
Personal name Ulrich K
245 ## - TITLE STATEMENT
Title Flash 5 for Windows & Macintosh
Medium English
260 ## - PUBLICATION, DISTRIBUTION, ETC.
Place of publication, distribution, etc. USA
Name of publisher, distributor, etc. Peachpit Press USA
Date of publication, distribution, etc. 2001
300 ## - PHYSICAL DESCRIPTION
Extent xix,523p
942 ## - ADDED ENTRY ELEMENTS (KOHA)
Institution code [OBSOLETE] CAE NUST
Call number prefix 006.6 ULR
Holdings
Withdrawn status Lost status Damaged status Not for loan Collection code Permanent Location Current Location Date acquired Total Checkouts Full call number Barcode Date last seen Price effective from Koha item type
          College of Aeronautical Engineering (CAE) College of Aeronautical Engineering (CAE) 04/03/2017   006.6 ULR CAEG-5602 04/05/2017 04/05/2017 Book
© 2023 Central Library, National University of Sciences and Technology. All Rights Reserved.